| 000 | 00698nam a2200253 a 4500 | ||
|---|---|---|---|
| 005 | 20210219152900.0 | ||
| 008 | 991125n 000 0 u | ||
| 035 | _aUPN01000065036 | ||
| 100 | _aHAINES, Chris | ||
| 222 | _aEDUCATIONAL STUDIES IN MATHEMATICS | ||
| 245 | _aAssessing mathematical communications about projects and investigations | ||
| 300 | _a373-386 | ||
| 362 | _a1994 Vol. 27, no. 4, dec. | ||
| 653 | 0 | _aAPRENDIZAJE | |
| 653 | 0 | _aCOMUNICACION | |
| 653 | 0 | _aCURRICULUM | |
| 653 | 0 | _aEDUCACION SUPERIOR | |
| 653 | 0 | _aENSEĆANZA | |
| 653 | 0 | _aMATEMATICA | |
| 653 | 0 | _aMODELO MATEMATICO | |
| 700 | _aIZARD, John, coaut. | ||
| 904 |
_aAC _b002847 |
||
| 905 | _aArticulo | ||
| 999 |
_c62885 _d62885 |
||